| 000 | 00556nam a2200205 a 4500 | ||
|---|---|---|---|
| 005 | 20140412111303.0 | ||
| 008 | 010323s19uu xx 00 eng d | ||
| 020 | _a0-7105-0751-8 | ||
| 050 |
_aER _bPe31 |
||
| 245 |
_aPeter Pan / _cillustrations by Gary Torrisi. |
||
| 260 |
_aLincolnwood, Illinois : _bPublications International Ltd, _c[n.d.] |
||
| 300 | _a1 v. (unp.) ; ill. | ||
| 440 | _aLittle Rainbiw Books | ||
| 650 | _aFairy Tales | ||
| 650 | _aChildren stories | ||
| 999 |
_c103506 _d103506 |
||